[Event "Match"]
[Site "www.echecsemail.com"]
[Date "2017.08.09"]
[Round "1"]
[White "Coraza"]
[Black "Cal"]
[WhiteElo "1860"]
[BlackElo "1640"]
[Result "0-1"]
[Round "1"]
1.c4 e5
2.e4 d6
3.Nb1c3 Ng8f6
4.Ng1f3 h6
5.c5 a6
6.Bf1c4 Nb8c6
7.Qd1b3 Bc8g4
8.Bc4xf7 Ke7
9.h3 Bg4d7
10.Bf7d5 Nc6a5
11.Qb3a3 c6
12.cxd6 Ke8
13.Bd5b3 Na5xb3
14.axb3 Bd7e6
15.Nf3h4 Bf8xd6
16.b4 b5
17.Nh4g6 Rh8g8
18.b3 Kf7
19.Ng6h4 Nf6h5
20.g4 Nh5f4
21.Kd1 Nf4d3
22.Rh1f1 Qd8xh4
23.Kc2 Nd3xb4
24.Kb1 Rg8d8
25.Nc3e2 Qh4xh3
26.Rf1g1 Qh3d3
{ resign }
0-1

[Event "Match"]
[Site "www.echecsemail.com"]
[Date "2017.08.09"]
[Round "1"]
[White "Mitja"]
[Black "Bojan"]
[WhiteElo "2000"]
[BlackElo "2020"]
[Result "1-0"]
[Round "1"]
1.d4 d5
2.e3 Bc8d7
3.c3 e6
4.Ng1f3 c5
5.dxc5 Bf8xc5
6.Qd1b3 Qd8c7
7.Bf1b5 Ng8e7
8.Bb5xd7 Nb8xd7
9.Qb3c2 f6
10.Nf3d4 Kf7
11.Qc2e2 a6
12.Nb1d2 e5
13.Nd4b3 Bc5d6
14.Nd2f3 b5
15.h3 Ne7g6
16.O-O Ra8c8
17.Rf1d1 Nd7b6
18.Nb3d2 e4
19.Nf3d4 Rh8e8
20.Nd2f1 Ng6e5
21.Nd4f5 Ne5d3
22.Nf5xd6 Qc7xd6
23.Nf1g3 Qd6e6
24.Qe2d2 Nb6c4
25.Qd2c2 Nc4e5
26.b3 g6
27.Bc1b2 h5
28.Ng3e2 g5
29.Ne2d4 Qe6d7
30.Qc2e2 Kg6
31.Ra1b1 Nd3xb2
32.Rb1xb2 Rc8xc3
33.Rb2c2 Rc3xc2
34.Qe2xc2 Re8c8
35.Qc2d2 Ne5d3
36.Nd4e2 Qd7f5
37.Ne2c1 Nd3e5
38.Qd2xd5 Rc8xc1
39.Qd5g8 Kh6
40.Rd1xc1 Qf5d7
41.Rc1c8 Ne5g6
42.Rc8a8 g4
43.hxg4 hxg4
44.Qg8d8 Qd7c6
45.Qd8c8 Qc6d5
46.Ra8xa6 Kg5
47.Qc8e6 Qd5d1
48.Kh2 Qd1a1
49.Qe6xe4 f5
50.Qe4e6 Qa1g7
51.a4 bxa4
52.bxa4 g3
53.Kxg3 Qg7h6
54.Qe6xg6 { resign }
1-0

[Event "Match"]
[Site "www.echecsemail.com"]
[Date "2017.08.09"]
[Round "1"]
[White "Cjood"]
[Black "Guidom"]
[WhiteElo "1980"]
[BlackElo "2110"]
[Result "0-1"]
[Round "1"]
1.e4 e5
2.c3 Bf8c5
3.d4 exd4
4.cxd4 Bc5b6
5.Nb1c3 d6
6.Bc1e3 Ng8f6
7.Bf1d3 O-O
8.f3 c5
9.d5 Nb8d7
10.f4 a6
11.Bd3c4 Bb6a5
12.Qd1f3 b5
13.Bc4d3 c4
14.Bd3c2 b4
15.Nc3e2 b3
16.Kf1 bxc2
17.Ra1c1 Nd7c5
18.Be3xc5 dxc5
19.Rc1xc2 Bc8g4
20.Qf3e3 Rf8e8
21.e5 Nf6xd5
22.Qe3xc5 Nd5xf4
23.Qc5xc4 Qd8d1
24.Kf2 Ba5e1
25.Ke3 Nf4xg2
26.Ke4 Re8xe5
{ resign }
0-1

[Event "Match"]
[Site "www.echecsemail.com"]
[Date "2017.08.09"]
[Round "1"]
[White "Pellix84"]
[Black "Cjood"]
[WhiteElo "2130"]
[BlackElo "2000"]
[Result "1-0"]
[Round "1"]
1.d4 c5
2.d5 Ng8f6
3.c4 b5
4.cxb5 Qd8a5
5.Nb1c3 Nf6e4
6.Qd1b3 e6
7.dxe6 dxe6
8.e3 Bc8d7
9.a4 Bf8d6
10.Bf1e2 Ne4xc3
11.bxc3 O-O
12.Ng1f3 h6
13.O-O f5
14.Bc1b2 g5
15.c4 g4
16.Nf3e5 Bd7e8
17.e4 fxe4
18.Be2xg4 Qa5c7
19.Bg4xe6 Be8f7
20.Ne5xf7 Rf8xf7
21.Qb3h3 Kh7
22.Be6f5 Kg8
23.Bf5xe4 Bd6e5
24.Bb2xe5 Qc7xe5
25.Be4xa8 { resign }
1-0

[Event "Match"]
[Site "www.echecsemail.com"]
[Date "2017.08.09"]
[Round "1"]
[White "86eamon"]
[Black "52maurice"]
[WhiteElo "1670"]
[BlackElo "1470"]
[Result "1-0"]
[Round "1"]
1.g4 b6
2.f4 Bc8b7
3.Ng1f3 Nb8a6
4.Rh1g1 g6
5.d3 Bf8g7
6.e4 e6
7.Nf3d4 Bg7xd4
8.Rg1g3 h6
9.c3 Bd4g7
10.Bc1e3 h5
11.g5 h4
12.Rg3f3 e5
13.fxe5 Bg7xe5
14.d4 Be5xh2
15.Qd1e2 Bh2g3
16.Be3f2 Bg3d6
17.Nb1a3 Qd8e7
18.Na3b5 Bb7c6
19.Nb5xd6 Qe7xd6
20.d5 Bc6a4
21.Qe2xa6 Qd6e5
22.Qa6b7 Ra8d8
23.Qb7xa7 Ba4c2
24.a4 Qe5xe4
25.Rf3e3 Qe4xe3
26.Bf2xe3 h3
27.Kd2 Bc2e4
28.Qa7xc7 h2
29.Be3xb6 Kf8
30.Qc7xd8 Kg7
31.Bb6d4 Ng8f6
32.Bd4xf6 Kh7
33.Qd8xh8 { resign }
1-0

[Event "1/32 Finale"]
[Site "www.chess-mail.com"]
[Date "2017.08.09"]
[Round "1"]
[White "Picifarkinca"]
[Black "Attatroll"]
[WhiteElo "1940"]
[BlackElo "2020"]
[Result "1-0"]
[Round "1"]
1.b4 c6
2.Bc1b2 d5
3.d4 e6
4.a3 Ng8f6
5.Nb1d2 Nb8d7
6.Ng1f3 Bf8e7
7.c4 O-O
8.e3 Rf8e8
9.cxd5 cxd5
10.Bf1b5 a6
11.Bb5d3 h6
12.O-O b5
13.Nd2b3 Bc8b7
14.Ra1c1 Ra8c8
15.Nb3a5 Qd8b6
16.Qd1e2 Rc8xc1
17.Rf1xc1 Nf6e4
18.Nf3e5 Nd7xe5
19.dxe5 Re8c8
20.Rc1xc8 Bb7xc8
21.Bb2d4 Qb6c7
22.Qe2c2 Qc7xc2
23.Bd3xc2 Be7d8
24.Na5c6 Bc8b7
25.Nc6xd8 Bb7a8
26.f3 Ne4d2
27.Bd4c5 Nd2c4
28.a4 Nc4a3
29.axb5 axb5
30.Bc2d3 f5
31.Nd8xe6 Kf7
32.Ne6d4 Na3c4
33.Kf2 Nc4b2
34.Bd3xb5 { resign }
1-0

[Event "Fast Game"]
[Site "www.echecsemail.com"]
[Date "2017.08.09"]
[Round "1"]
[White "Claudia"]
[Black "Cjood"]
[WhiteElo "1900"]
[BlackElo "1710"]
[Result "1-0"]
[Round "1"]
1.e4 e5
2.Ng1f3 Ng8f6
3.d3 Nb8c6
4.Bf1e2 Bf8c5
5.O-O O-O
6.c3 b6
7.Nb1d2 Bc8b7
8.Rf1e1 Nf6g4
9.Re1f1 Ng4f6
10.h3 d6
11.Rf1e1 d5
12.Qd1c2 dxe4
13.dxe4 Rf8e8
14.Nd2f1 Qd8e7
15.Nf1g3 g6
16.Bc1g5 Ra8d8
17.Ra1d1 Rd8xd1
18.Re1xd1 a5
19.Nf3h2 Kg7
20.Nh2g4 Qe7f8
21.Bg5h6 { resign }
1-0

[Event "Tourn. n9394"]
[Site "www.chess-mail.com"]
[Date "2017.08.10"]
[Round "1"]
[White "Aperturaf"]
[Black "Comrade"]
[WhiteElo "2650"]
[BlackElo "2270"]
[Result "1-0"]
[Round "1"]
1.e4 c5
2.Ng1f3 d6
3.d4 cxd4
4.Qd1xd4 Nb8c6
5.Bf1b5 Bc8d7
6.Bb5xc6 Bd7xc6
7.c4 e5
8.Qd4d3 Bf8e7
9.Nb1c3 Ng8f6
10.O-O O-O
11.Rf1d1 Qd8c7
12.Bc1g5 Ra8d8
13.b4 h6
14.Bg5xf6 Be7xf6
15.b5 Bc6d7
16.Nc3d5 Qc7c5
17.Nd5xf6 gxf6
18.Nf3d2 Bd7g4
19.Qd3g3 h5
20.h3 Kh8
21.hxg4 Rf8g8
22.Qg3f3 Rg8g6
23.gxh5 Rg6h6
24.Nd2f1 Rd8g8
25.Nf1e3 Rg8g5
26.g4 Rh6xh5
27.Qf3xf6 Kg8
28.Rd1xd6 { resign }
1-0

[Event "Tourn. n9393"]
[Site "www.chess-mail.com"]
[Date "2017.08.10"]
[Round "1"]
[White "Falcoale"]
[Black "Redapond1"]
[WhiteElo "2030"]
[BlackElo "1920"]
[Result "0-1"]
[Round "1"]
1.e4 e5
2.Ng1f3 Nb8c6
3.b3 Bf8c5
4.Bc1b2 d6
5.h3 Ng8f6
6.d3 Bc8e6
7.Nb1c3 O-O
8.Nc3a4 Bc5d4
9.Nf3xd4 exd4
10.Bb2c1 h6
11.Na4b2 d5
12.f3 dxe4
13.fxe4 Nc6e5
14.Bf1e2 c6
15.O-O a5
16.Nb2c4 Be6xc4
17.bxc4 c5
18.Bc1f4 Nf6d7
19.Qd1e1 Ne5g6
20.Bf4d2 Qd8h4
21.Qe1d1 Ra8e8
22.Bd2e1 Qh4d8
23.c3 dxc3
24.Be1xc3 b6
25.Qd1e1 Qd8h4
26.Qe1xh4 Ng6xh4
27.Rf1f4 Nh4g6
28.Be2g4 Ng6xf4
29.Bg4xd7 Re8d8
30.Bd7b5 Nf4e2
31.Kh2 Ne2xc3
{ resign }
0-1

[Event "Tourn. n9419"]
[Site "www.chess-mail.com"]
[Date "2017.08.10"]
[Round "1"]
[White "Bojan"]
[Black "Fabos12"]
[WhiteElo "1950"]
[BlackElo "1920"]
[Result "1/2-1/2"]
[Round "1"]
1.e4 e5
2.Ng1f3 Nb8c6
3.c3 h6
4.d4 exd4
5.cxd4 d5
6.Bf1d3 Bf8b4
7.Nb1c3 Bc8g4
8.Bc1e3 Ng8f6
9.O-O Bb4xc3
10.bxc3 dxe4
11.h3 Bg4xf3
12.gxf3 exd3
13.Rf1e1 Kd7
14.Qd1xd3 g6
15.Be3f4 Nf6d5
16.Bf4g3 Qd8g5
17.Ra1b1 Nd5b6
18.Rb1b5 f5
19.f4 Qg5f6
20.d5 Nc6e7
21.c4 a6
22.Re1e6 Qf6a1
23.Rb5b1 Qa1xa2
24.Rb1c1 Nb6c8
25.Kg2 Qa2b2
26.Rc1c2 Qb2b4
27.Bg3h4 a5
28.Bh4f6 Rh8g8
29.Rc2b2 Qb4a4
30.Rb2xb7 Rg8e8
31.Qd3d4 Ne7g8
32.d6 Qa4c6
33.Kg3 Kxe6
34.Rb7xc7 Qc6xd6
35.Qd4e3 Kxf6
36.Qe3c3 Ke6
37.Qc3e3 Kf6
38.Qe3c3 Ke6
39.Qc3e3 { draw }
1/2-1/2

[Event "Tourn. n9444"]
[Site "www.chess-mail.com"]
[Date "2017.08.10"]
[Round "1"]
[White "Bigrezi"]
[Black "Astroboy"]
[WhiteElo "2020"]
[BlackElo "2210"]
[Result "0-1"]
[Round "1"]
1.e4 c6
2.d4 d5
3.exd5 cxd5
4.Ng1f3 Ng8f6
5.Nb1c3 Nb8c6
6.Bf1b5 Bc8g4
7.h3 Bg4h5
8.O-O e6
9.a3 Bf8d6
10.Bc1g5 h6
11.Bg5h4 O-O
12.Bb5xc6 bxc6
13.Qd1d3 Bh5g6
14.Qd3d2 Ra8b8
15.b3 c5
16.dxc5 Bd6xc5
17.Nf3e5 Rb8c8
18.b4 Bc5d6
19.Ne5xg6 fxg6
20.Bh4xf6 Qd8xf6
21.Ra1e1 Qf6xc3
22.Qd2xc3 Rc8xc3
23.Re1xe6 Rf8f6
24.Re6e8 Kh7
25.Rf1a1 Rc3xc2
26.f3 Bd6f4
27.Re8e7 d4
28.Ra1d1 Bf4e3
29.Kh1 Rf6a6
30.Rd1a1 Rc2c1
31.Ra1xc1 Be3xc1
32.Re7e1 Bc1xa3
33.Re1d1 Ba3b2
34.Rd1b1 Ra6a1
35.Rb1xa1 Bb2xa1
36.Kg1 Ba1c3
37.b5 d3
38.Kf2 d2
39.Ke2 g5
40.g4 Kg6
{ resign }
0-1

[Event "Tourn. n9397"]
[Site "www.chess-mail.com"]
[Date "2017.08.10"]
[Round "1"]
[White "Osopanda"]
[Black "Pachi"]
[WhiteElo "1700"]
[BlackElo "1610"]
[Result "1-0"]
[Round "1"]
1.e4 e5
2.Ng1f3 d6
3.d4 Nb8c6
4.Bf1b5 Bc8d7
5.dxe5 dxe5
6.O-O Qd8f6
7.Nb1c3 O-O-O
8.Qd1e2 Bd7g4
9.h3 Bg4xf3
10.Qe2xf3 Nc6d4
11.Qf3xf6 Ng8xf6
12.Bc1g5 Nd4xc2
13.Ra1d1 Bf8b4
14.Nc3d5 h6
15.Bg5xf6 gxf6
16.Nd5xf6 h5
17.Rd1xd8 Kxd8
18.Rf1d1 Bb4d6
19.Rd1d2 Nc2b4
20.a3 Nb4a2
21.Bb5c4 Rh8h6
22.Nf6d5 c6
23.Nd5e3 Na2c1
24.Ne3f5 Rh6f6
25.Rd2d1 b5
26.Rd1xc1 bxc4
27.Rc1xc4 c5
28.Nf5xd6 Rf6xd6
29.g4 Rd6d2
30.b4 cxb4
31.axb4 h4
32.Kg2 Rd2b2
33.Kf3 Kd7
34.g5 a6
35.Ke3 Rb2b3
36.Ke2 Rb3xh3
37.f3 Rh3g3
38.Kf2 Ke7
39.Rc4c7 Kf8
40.Rc7c6 h3
41.Kxg3 Kg7
42.Kxh3 { resign }
1-0

[Event "Tourn. n9407"]
[Site "www.chess-mail.com"]
[Date "2017.08.10"]
[Round "1"]
[White "Madz123456"]
[Black "Falcao"]
[WhiteElo "1670"]
[BlackElo "1799"]
[Result "0-1"]
[Round "1"]
1.e4 c5
2.Ng1f3 Nb8c6
3.d4 cxd4
4.Nf3xd4 Nc6xd4
5.Qd1xd4 d6
6.Bf1b5 Bc8d7
7.Bb5xd7 Qd8xd7
8.Nb1c3 e5
9.Qd4d3 Ng8f6
10.Bc1g5 Bf8e7
11.O-O-O O-O
12.Bg5xf6 Be7xf6
13.f3 a6
14.Qd3xd6 Qd7xd6
15.Rd1xd6 Rf8d8
16.Rd6d1 Bf6g5
17.Kb1 Rd8d2
18.Rd1xd2 Bg5xd2
19.Nc3d5 Kf8
20.c3 Bd2g5
21.g3 Bg5d8
22.Kc2 a5
23.a4 f6
24.Kd3 Ra8c8
25.Rh1b1 Ke8
26.b4 axb4
 { time }
0-1

[Event "Tourn. n9438"]
[Site "www.chess-mail.com"]
[Date "2017.08.10"]
[Round "1"]
[White "Cjood"]
[Black "Prize64"]
[WhiteElo "1940"]
[BlackElo "2040"]
[Result "1-0"]
[Round "1"]
1.Ng1f3 c5
2.b3 d5
3.Bc1b2 Nb8c6
4.d4 cxd4
5.Nf3xd4 Ng8f6
6.Nd4xc6 bxc6
7.g3 g6
8.Bb2xf6 exf6
9.Nb1d2 Bf8g7
10.Bf1g2 f5
11.Ra1b1 O-O
12.O-O Ra8b8
13.Nd2f3 Rf8e8
14.Nf3d4 Qd8c7
15.Nd4xc6 Qc7xc6
16.Bg2xd5 Qc6a6
17.Bd5c4 Qa6xa2
18.Qd1d5 Bc8e6
19.Qd5d3  { time }
1-0

[Event "Tourn. n9430"]
[Site "www.chess-mail.com"]
[Date "2017.08.10"]
[Round "1"]
[White "Passaroa25"]
[Black "Dussek"]
[WhiteElo "1640"]
[BlackElo "1759"]
[Result "0-1"]
[Round "1"]
1.e4 c5
2.d3 Nb8c6
3.c3 Ng8f6
4.f3 d5
5.Nb1d2 e5
6.Ng1e2 d4
7.Nd2b3 Bf8e7
8.Bc1d2 O-O
9.Nb3c1 b5
10.Ne2g3 Be7d6
11.Bf1e2 Nc6e7
12.O-O a5
13.Ng3f5 Ne7xf5
14.exf5 Bc8xf5
15.Qd1c2 Nf6d5
16.Be2d1 c4
17.g4 Bf5e6
18.Nc1e2 Nd5f4
19.Ne2g3 cxd3
20.Qc2c1 Qd8h4
21.Bd2xf4 exf4
22.Ng3e4 Bd6e5
23.Qc1d2 dxc3
24.Ne4xc3 Be5d4
25.Kg2 Be6c4
26.b3 Bd4e3
27.Qd2e1 Qh4xe1
28.Rf1xe1 d2
29.Re1h1 Bc4d3
30.Nc3d5 Rf8e8
31.Nd5c7 Be3d4
32.Nc7xa8 Re8xa8
33.Ra1c1 dxc1Q
34.Kh3 Ra8a6
35.Rh1e1 Ra6e6
36.Re1xe6 fxe6
{ resign }
0-1

[Event "Match"]
[Site "www.echecsemail.com"]
[Date "2017.08.10"]
[Round "1"]
[White "Winston"]
[Black "Hundegana"]
[WhiteElo "1910"]
[BlackElo "2040"]
[Result "0-1"]
[Round "1"]
1.e4 Nb8c6
2.d4 e6
3.Ng1f3 g6
4.c4 b6
5.Nb1c3 Bc8b7
6.Bf1e2 Bf8h6
7.Bc1xh6 Ng8xh6
8.h3 O-O
9.O-O Kg7
10.a3 f5
11.exf5 Nh6xf5
12.d5 exd5
13.Nc3xd5 h6
14.b4 a6
15.b5 axb5
16.cxb5 Nc6e7
17.Nd5xe7 Qd8xe7
18.a4 Ra8e8
19.Rf1e1 Bb7xf3
20.Be2xf3 Qe7d6
21.Re1xe8 Qd6xd1
22.Ra1xd1 Rf8xe8
23.Rd1xd7 Re8e7
24.Rd7xe7 Nf5xe7
25.Bf3e4 Kf6
26.g4 Ke5
27.f3 Kd4
{ time. }
0-1

[Event "Match"]
[Site "www.echecsemail.com"]
[Date "2017.08.10"]
[Round "1"]
[White "Caspito"]
[Black "Pinehill"]
[WhiteElo "1960"]
[BlackElo "2060"]
[Result "0-1"]
[Round "1"]
1.e4 d5
2.e5 c5
3.Ng1f3 Bc8f5
4.c3 Nb8c6
5.d4 cxd4
6.Nf3xd4 Bf5xb1
7.Ra1xb1 Nc6xe5
8.Nd4f3 Ne5c6
9.Bf1b5 e6
10.O-O Bf8d6
11.Bc1g5 Qd8c7
12.a3 Ng8e7
13.b4 O-O
14.Qd1c2 Ra8c8
15.Bb5d3 Ne7g6
16.Nf3h4 Bd6xh2
17.Kh1 Bh2f4
18.Nh4xg6 fxg6
19.Bg5xf4 Qc7xf4
20.g3 Qf4f3
21.Kh2 Nc6e5
22.Bd3e2 Ne5g4
23.Kh3 Ng4xf2
24.Kh2 Qf3e4
25.Rb1c1 Qe4xc2
26.Rc1xc2 Nf2e4
27.Be2d3 Rc8xc3
28.Rf1xf8 Kxf8
29.Bd3xe4 Rc3xa3
30.Be4g2 b6
31.Kh3 Ra3b3
32.Rc2c7 Rb3xb4
33.Rc7xa7 b5
34.Ra7b7 Rb4b2
35.Bg2f1 b4
36.Kg4 b3
37.Bf1d3 e5
38.Rb7d7 e4
39.Bd3b5 Rb2d2
40.Rd7b7 b2
41.Bb5c6 e3
42.Kf3 e2
43.Kf2 d4
44.Ke1 Rd2d1
{ resign }
0-1

[Event "Tourn. n9486"]
[Site "www.chess-mail.com"]
[Date "2017.08.11"]
[Round "1"]
[White "Bojan"]
[Black "Luban"]
[WhiteElo "2040"]
[BlackElo "2150"]
[Result "1-0"]
[Round "1"]
1.e4 c5
2.c3 d5
3.exd5 Qd8xd5
4.b3 e6
5.Qd1f3 Qd5xf3
6.Ng1xf3 Ng8f6
7.d4 cxd4
8.Nf3xd4 a6
9.Bf1e2 Bf8e7
10.O-O b5
11.Be2f3 Ra8a7
12.Bc1e3 Ra7c7
13.Be3f4 Rc7d7
14.Bf4xb8 O-O
15.Bf3c6 { resign }
1-0

[Event "Tourn. n9406"]
[Site "www.chess-mail.com"]
[Date "2017.08.11"]
[Round "1"]
[White "Esperanza"]
[Black "Falcoale"]
[WhiteElo "1830"]
[BlackElo "2020"]
[Result "1-0"]
[Round "1"]
1.d4 Ng8f6
2.c4 e6
3.Nb1c3 b6
4.Bc1g5 h6
5.Bg5h4 Bc8b7
6.f3 Bf8e7
7.e4 d6
8.Bf1d3 O-O
9.Ng1e2 Nb8d7
10.O-O c6
11.g4 d5
12.e5 Nf6h7
13.Bh4f2 f5
14.exf6 Nh7xf6
15.Ne2f4 Qd8c8
16.Nf4xe6 Rf8e8
17.cxd5 cxd5
18.Bd3g6 Re8f8
19.Ra1c1 Qc8c4
20.Ne6xf8 Ra8xf8
21.Bg6d3 Qc4b4
22.Qd1e2 Qb4d6
23.Nc3b5 Qd6b8
24.Qe2xe7 Bb7a6
25.a4 Rf8e8
26.Qe7d6 Qb8xd6
27.Nb5xd6 Ba6xd3
28.Nd6xe8 Nf6xe8
29.Rf1e1 Ne8f6
30.Rc1c7 Bd3c2
31.Rc7xa7 { resign }
1-0

[Event "Tourn. n9427"]
[Site "www.chess-mail.com"]
[Date "2017.08.11"]
[Round "1"]
[White "Coolant"]
[Black "Tartan"]
[WhiteElo "2270"]
[BlackElo "2420"]
[Result "0-1"]
[Round "1"]
1.Nb1c3 c5
2.Ng1f3 Nb8c6
3.e4 g6
4.Bf1b5 Bf8g7
5.O-O Nc6d4
6.Bb5c4 d6
7.Nf3xd4 cxd4
8.Nc3e2 Ng8f6
9.d3 d5
10.exd5 Nf6xd5
11.Ne2f4 Nd5b6
12.Bc4b3 O-O
13.a4 a5
14.Bc1d2 e5
15.Nf4e2 Nb6d7
16.f4 Qd8b6
17.fxe5 Nd7xe5
18.Bd2f4 Bc8e6
19.Bb3xe6 fxe6
20.Qd1d2 Ne5g4
21.Ra1a3 e5
22.Ra3b3 Qb6f6
23.Rb3xb7 exf4
24.Qd2xf4 Qf6h4
25.Qf4g3 Rf8xf1
26.Kxf1 Ra8f8
27.Kg1 Bg7h6
{ resign }
0-1

[Event "Tourn. n9461"]
[Site "www.chess-mail.com"]
[Date "2017.08.11"]
[Round "1"]
[White "Cjood"]
[Black "Picifarkinca"]
[WhiteElo "1910"]
[BlackElo "1940"]
[Result "0-1"]
[Round "1"]
1.e4 b6
2.d4 e6
3.g3 f5
4.exf5 exf5
5.Bf1d3 g6
6.Qd1f3 c6
7.Bc1f4 d5
8.Qf3e3 Qd8e7
9.Bf4e5 Kf7
10.Be5xh8 Qe7b4
11.Nb1c3 Qb4xb2
12.Ra1d1 Qb2xc3
13.Rd1d2 Ng8f6
14.Bh8xf6 Kxf6
15.Qe3e5 Kf7
16.Qe5c7 Nb8d7
17.Ng1e2 Qc3a1
18.Rd2d1 Bf8b4
19.c3 Bb4xc3
20.Ne2xc3 Qa1xc3
21.Rd1d2 Kg8
22.Qc7d8 Nd7f8
23.Qd8g5 Qc3a1
24.Rd2d1 Qa1xd4
25.O-O Qd4g7
26.Rf1e1 Nf8e6
27.Qg5h4 Bc8d7
28.h3 Ra8e8
29.Kh2 Qg7e7
{ resign }
0-1

[Event "Tourn. n9456"]
[Site "www.chess-mail.com"]
[Date "2017.08.11"]
[Round "1"]
[White "Cjood"]
[Black "Pdebonis"]
[WhiteElo "2200"]
[BlackElo "2640"]
[Result "0-1"]
[Round "1"]
1.c4 Ng8f6
2.Ng1f3 e6
3.Nb1c3 Bf8b4
4.e3 O-O
5.d4 c5
6.a3 Bb4xc3
7.bxc3 b6
8.d5 Bc8b7
9.d6 Nf6e4
10.Qd1d3 f5
11.Nf3e5 Qd8f6
12.Ne5f3 Nb8c6
13.Bc1b2 Nc6a5
14.Ra1b1 e5
15.Rb1d1 Ne4xf2
16.Kxf2 e4
17.Qd3c2 f4
18.exf4 Qf6xf4
19.Bb2c1 Qf4h4
20.g3 Qh4g4
21.Kg1 Rf8xf3
22.Bf1e2 Rf3xg3
23.hxg3 Qg4xg3
24.Kf1 Ra8f8
{ resign }
0-1

[Event "Tourn. n9314"]
[Site "www.chess-mail.com"]
[Date "2017.08.11"]
[Round "1"]
[White "Pdebonis"]
[Black "Seger"]
[WhiteElo "2560"]
[BlackElo "2670"]
[Result "0-1"]
[Round "1"]
1.d4 Ng8f6
2.c4 e6
3.Nb1c3 Bf8b4
4.e3 O-O
5.Bf1d3 d5
6.Ng1f3 dxc4
7.Bd3xc4 c5
8.O-O cxd4
9.exd4 b6
10.Qd1b3 Bb4xc3
11.bxc3 Nb8c6
12.Bc4d3 Bc8b7
13.Qb3b1 Qd8c7
14.Bc1d2 Rf8d8
15.Rf1e1 Ra8c8
16.Qb1d1 Nc6e7
17.Nf3e5 Ne7g6
18.Ra1c1 Ng6xe5
19.Re1xe5 h6
20.f3 Qc7d6
21.Qd1e1 Qd6a3
22.Qe1e2 Rd8d7
23.h3 Rd7c7
24.Qe2e1 Bb7d5
25.Qe1h4 Kf8
26.Rc1e1 Nf6g8
27.Qh4f2 Qa3xa2
28.f4 f5
29.g4 Ng8e7
30.gxf5 Ne7xf5
31.Bd3b1 Qa2b3
32.Bb1xf5 exf5
33.Re5xf5 Kg8
34.Rf5e5 Rc7f7
35.Qf2g3 Qb3c2
36.Re1e2 Qc2d1
37.Qg3e1 Qd1b3
38.Kh2 Rc8f8
39.Qe1g1 Rf7f6
40.Qg1g3 Qb3c4
41.f5 Rf8f7
42.Re2f2 Bd5c6
43.Rf2f4 Bc6d7
44.d5 Qc4c7
45.Rf4f3 Kh7
46.Bd2e3 Bd7xf5
47.Be3d4 Qc7d7
48.h4 b5
49.Qg3e1 a5
50.Rf3g3 Rf6d6
51.Qe1g1 Rd6g6
52.Rg3xg6 Bf5xg6
53.h5 Bg6f5
54.Qg1e3 a4
55.Bd4c5 Qd7d8
56.Kg3 Bf5d7
57.Re5e7 Rf7f5
58.Bc5d4 Rf5g5
59.Kf2 Qd8f8
60.Ke2 Bd7f5
61.Kd2 Rg5g2
62.Ke1 a3
{ resign }
0-1

[Event "Tourn. n9468"]
[Site "www.chess-mail.com"]
[Date "2017.08.11"]
[Round "1"]
[White "Redapond1"]
[Black "Amaya"]
[WhiteElo "1830"]
[BlackElo "2050"]
[Result "0-1"]
[Round "1"]
1.d4 Ng8f6
2.Bc1f4 d6
3.Nb1c3 Nb8d7
4.Ng1f3 b6
5.e4 Nf6h5
6.Bf4e3 e5
7.Bf1b5 { time. }
0-1

[Event "Tourn. n9435"]
[Site "www.chess-mail.com"]
[Date "2017.08.11"]
[Round "1"]
[White "Bigrezi"]
[Black "Astroboy"]
[WhiteElo "2020"]
[BlackElo "2210"]
[Result "0-1"]
[Round "1"]
1.e4 c6
2.d4 d5
3.exd5 cxd5
4.Ng1f3 Nb8c6
5.Nb1c3 Bc8g4
6.Bf1e2 e6
7.O-O Ng8f6
8.a3 Bf8d6
9.Be2b5 h6
10.h3 Bg4h5
11.Qd1d3 O-O
12.Bb5xc6 bxc6
13.Nf3e5 Bd6xe5
14.dxe5 Nf6d7
15.Bc1f4 Bh5g6
16.Qd3d2 Ra8b8
17.b3 Rf8e8
18.Rf1e1 c5
19.Nc3e2 Qd8c7
20.Bf4g3 a5
21.Ne2f4 Bg6h7
22.Ra1d1 Qc7c8
23.Nf4d3 c4
24.bxc4 Qc8xc4
25.Qd2xa5 Rb8a8
26.Qa5b4 Qc4xc2
27.Rd1d2 Qc2c6
28.Re1c1 Qc6a6
29.Nd3e1 Qa6xa3
30.Qb4xa3 Ra8xa3
31.Rc1c7 Nd7b6
32.Rd2b2 Nb6c4
33.Rb2b7 Bh7g6
34.Kh2 Re8a8
35.Ne1f3 Ra3d3
36.Nf3h4 Bg6h5
37.f4 Nc4e3
38.Bg3f2 Ne3f1
39.Kg1 Ra8a1
{ resign }
0-1

[Event "Match"]
[Site "www.echecsemail.com"]
[Date "2017.08.11"]
[Round "1"]
[White "Hennie4820"]
[Black "Cjood"]
[WhiteElo "2070"]
[BlackElo "2110"]
[Result "1-0"]
[Round "1"]
1.e4 c6
2.d4 e5
3.dxe5 Qd8a5
4.Nb1c3 Qa5xe5
5.Ng1f3 Qe5c7
6.Bf1e2 Ng8f6
7.O-O Bf8c5
8.Bc1g5 Bc5e7
9.Qd1d2 O-O
10.Ra1d1 h6
11.Bg5xf6 Be7xf6
12.Be2c4 b5
13.Bc4b3 a5
14.a4 b4
15.Nc3e2 Bf6xb2
16.Ne2d4 Bb2c3
17.Qd2e3 Bc8a6
18.Nd4e2 Bc3f6
19.e5 Bf6e7
20.Rf1e1 c5
21.Ne2f4 Nb8c6
22.Nf4d5 Qc7d8
23.Nd5xe7 Nc6xe7
24.Qe3xc5 Ba6b7
25.Nf3h4 g5
26.Nh4f3 Bb7xf3
27.gxf3 Ne7f5
28.e6 fxe6
29.Bb3xe6 Kh8
30.Rd1xd7 Qd8f6
31.Be6xf5 Qf6xf5
32.Qc5xf5 Rf8xf5
33.Re1e7 Kg8
34.Re7g7 Kf8
35.Rg7h7 Ke8
36.Rd7b7 Rf5xf3
37.Rh7h8 Rf3f8
38.Rh8xh6 Ra8d8
39.Rh6e6 
1-0

[Event "Match"]
[Site "www.echecsemail.com"]
[Date "2017.08.11"]
[Round "1"]
[White "Cjood"]
[Black "Mitja"]
[WhiteElo "1950"]
[BlackElo "2010"]
[Result "1/2-1/2"]
[Round "1"]
1.e4 d5
2.exd5 Qd8xd5
3.Nb1c3 Qd5e5
4.Qd1e2 Qe5xe2
5.Ng1xe2 e6
6.a3 c6
7.d4 h6
8.g3 Ng8f6
9.Bf1g2 Bf8e7
10.Bc1e3 Nb8d7
11.O-O Nd7b6
12.b3 Nb6d5
13.Nc3xd5 Nf6xd5
14.c4 Nd5xe3
15.fxe3 O-O
16.e4 Be7f6
17.Ra1d1 Bf6d8
18.Bg2f3 Bd8c7
19.e5 Rf8d8
20.Ne2c3 Bc8d7
21.b4 b6
22.Bf3h5 Rd8f8
23.Rf1f2 Ra8d8
24.Rd1f1 g6
25.Bh5e2 Bd7e8
26.Rf1d1 Kg7
27.h4 f5
28.exf6 Rf8xf6
29.Rf2xf6 Kxf6
30.Kg2 g5
31.hxg5 hxg5
32.Be2g4 Be8f7
{ draw }
1/2-1/2

[Event "Match"]
[Site "www.echecsemail.com"]
[Date "2017.08.11"]
[Round "1"]
[White "Caspito"]
[Black "Cjood"]
[WhiteElo "1930"]
[BlackElo "1950"]
[Result "0-1"]
[Round "1"]
1.e4 e5
2.Ng1f3 Nb8c6
3.Bf1c4 Ng8f6
4.Nf3g5 d5
5.exd5 Nc6a5
6.Qd1e2 Na5xc4
7.Qe2xc4 Nf6xd5
8.d3 f6
9.Ng5e4 b6
10.Qc4c6 Kf7
11.Qc6xa8 Nd5b4
12.Nb1a3 a5
13.c3 Nb4xd3
14.Ke2 Bc8g4
15.f3 Nd3xc1
16.Ra1xc1 Qd8xa8
17.Na3b5 Qa8a6
18.c4 Bg4e6
19.Nb5xc7 Qa6b7
20.Nc7b5 Qb7b8
21.Rh1d1 Bf8e7
22.g4 g5
23.b3 h5
24.Rd1f1 hxg4
25.Kf2 Rh8xh2
26.Kg3 Rh2h3
27.Kg2 gxf3
28.Kf2 g4
29.Rf1h1 Rh3xh1
30.Rc1xh1 Be7c5
31.Kg3 Qb8d8
32.Rh1h6 Bc5e7
33.a3 f5
{ resign }
0-1

[Event "Match"]
[Site "www.echecsemail.com"]
[Date "2017.08.11"]
[Round "1"]
[White "Cjood"]
[Black "Fangshuo"]
[WhiteElo "1990"]
[BlackElo "2000"]
[Result "0-1"]
[Round "1"]
1.Ng1f3 d5
2.g3 Nb8c6
3.Bf1g2 e5
4.d3 Bf8c5
5.e3 Bc8g4
6.O-O Ng8f6
7.Nb1d2 Qd8d7
8.a3 O-O-O
9.b4 Bc5d6
10.c4 e4
11.cxd5 exf3
12.Bg2xf3 Bg4xf3
13.Nd2xf3 Nc6e5
14.e4 Ne5xf3
15.Qd1xf3 Bd6e5
16.Ra1b1 g5
17.Bc1xg5 Qd7d6
18.Rf1d1 h6
19.Bg5h4 Be5d4
20.g4 Rh8g8
21.h3 h5
22.Qf3f5 Kb8
23.Bh4g3 Qd6e7
24.g5 Nf6d7
25.Rd1c1 Rg8xg5
26.Qf5f3 Nd7e5
27.Qf3f4 Bd4xf2
28.Qf4xf2 Rd8g8
29.Kh2 Rg5xg3
30.Qf2xg3 Rg8xg3
31.Kxg3 Qe7g5
32.Kh2 Ne5f3
33.Kh1 Qg5g3
{ resign }
0-1

[Event "Fast Game"]
[Site "www.echecsemail.com"]
[Date "2017.08.11"]
[Round "1"]
[White "Cjood"]
[Black "Hennie4820"]
[WhiteElo "1710"]
[BlackElo "1660"]
[Result "0-1"]
[Round "1"]
1.e4 c5
2.c3 Nb8c6
3.Ng1f3 e6
4.g3 g6
5.Bf1g2 Bf8g7
6.O-O Ng8e7
7.d3 O-O
8.Bc1e3 b6
9.Nb1d2 Bc8b7
10.Ra1b1 Ra8b8
11.Nf3g5 h6
12.Ng5f3 d5
13.exd5 Ne7xd5
14.Rf1e1 Nd5xe3
15.fxe3 Qd8xd3
16.Bg2f1 Qd3d7
17.Bf1g2 Rb8d8
18.h4 Qd7c7
19.Qd1c2 Qc7xg3
20.Nd2e4 Qg3g4
21.c4 Nc6b4
22.Qc2b3 Bb7xe4
{ resign }
0-1

[Event "Tourn. n9462"]
[Site "www.chess-mail.com"]
[Date "2017.08.12"]
[Round "1"]
[White "Luban"]
[Black "Falcoale"]
[WhiteElo "2150"]
[BlackElo "2100"]
[Result "0-1"]
[Round "1"]
1.d4 Ng8f6
2.c4 e6
3.a3 b6
4.e3 Bc8b7
5.Ng1f3 Bf8e7
6.Bf1e2 O-O
7.Nb1c3 d6
8.O-O Nb8d7
9.Qd1c2 a6
10.e4 c5
11.e5 dxe5
12.dxe5 Nf6e8
13.Bc1f4 g6
14.h3 Ne8g7
15.Ra1d1 Qd8c8
16.Rf1e1 Ng7f5
17.Qc2d2 Rf8d8
18.Qd2c2 Qc8c6
19.Be2d3 Nf5d4
20.Bd3e4 Nd4xc2
21.Be4xc6 Bb7xc6
22.Re1e2 Bc6xf3
23.gxf3 Nc2d4
24.Re2e3 Nd4f5
25.Re3d3 Nf5d4
26.Nc3e4 Nd7b8
27.b4 Nb8c6
28.Bf4h6 Nc6xe5
{ resign }
0-1

[Event "Tourn. n9458"]
[Site "www.chess-mail.com"]
[Date "2017.08.12"]
[Round "1"]
[White "Astroboy"]
[Black "Orhany24"]
[WhiteElo "2300"]
[BlackElo "2140"]
[Result "1-0"]
[Round "1"]
1.e4 c5
2.Ng1f3 Nb8c6
3.c3 e5
4.Bf1b5 d6
5.h3 a6
6.Bb5a4 b5
7.Ba4c2 Ng8e7
8.O-O f5
9.Qd1e2 f4
10.d4 Ne7g6
11.a4 b4
12.dxc5 dxc5
13.Bc2b3 Nc6a5
14.Bb3d5 Bc8b7
15.Bd5xb7 Na5xb7
16.Nb1d2 Bf8d6
17.Nd2c4 O-O
18.Rf1d1 Qd8e7
19.cxb4 cxb4
20.Nc4b6 Ra8d8
21.Qe2xa6 Nb7c5
22.Qa6c4 Kh8
23.Bc1d2 b3
24.Bd2b4 Qe7c7
25.a5 Ng6e7
26.Rd1xd6 Rd8xd6
27.Qc4xc5 { resign }
1-0